LEADER 01039nam a2200253 i 4500 001 000000219896 003 CaOOAMICUS 005 20130416000000.0 008 130416s1970 it u000 u ita u 013 $a198793 040 $aSeMil$bita 100 1 $aFormigari, Lia.$0(OLS)http://semarc/name/54113 245 10$aLinguistica ed empirismo nel Seicento inglese /$cLia Formigari. 260 $aBari :$bLaterza,$c1970. 300 $a242 p. ;$c22 cm. 490 0 $aBiblioteca di cultura moderna ;$v695 650 4$aLinguistica - Teorie.$0(OLS)http://semarc/subject/6194 650 4$aLinguaggio - Teorie.$0(OLS)http://semarc/subject/40553 830 0$aBiblioteca di cultura moderna ;$v695.$0(OLS)http://semarc/title/639 850 $aSeMil 852 $aSeMil$W1$xVenegono$y1$m1O IV 153$j170254$B170254$CSeMilBibl$Z2$F187410 $81 961 $aLascito: Presbitero, Silvana 996 $6245$aLinguistica ed empirismo nel Seicento inglese$9(OLS)http://semarc/title/315445 996 $6260$aBari :$bLaterza$9(OLS)http://semarc/publisher/29858 LEADER 00788nam a2200217 i 4500 001 000000223483 003 CaOOAMICUS 005 20131014000000.0 008 131014s1791 it u000 u fre u 013 $a202380 026 $a7775 stis nter etet (3) 1791 (A) 040 $aSeMil$bita 245 10$aTome 1. 300 $a[4], iv, 416 p. 500 $aContiene : Oedipe, Fragment D'Artermire, Mariamne, Brutus, Edyphyle. 773 0 $aVoltaire <1694-1778>$tOeuvres completes de m. de Voltaire. Tome 1. [-100.].$dA Lyon : Chez J. B. Delamollière, 1791-1792.$g1$w()28886 850 $aSeMil 852 $aSeMil$W1$xVenegono$y1$m2Q I 81 FA$j173829$B173829$CSeMilBibl$Z2$F184110 $8I 941 1 $a10 961 $aRecupero: Mantegazza 996 $6245$aTome 1$9(OLS)http://semarc/title/1447